Filosofía, derecho y sociedad
Uloženo v:
| Hlavní autor: | |
|---|---|
| Médium: | Kniha |
| Jazyk: | španělština |
| Vydáno: |
Santiago
Jurídicas Olejnik
1999
|
| Edice: | Colección Filosofía y Derecho, 3
|
| Témata: | |
| Tagy: |
Přidat tag
Žádné tagy, Buďte první, kdo vytvoří štítek k tomuto záznamu!
|
MARC
| LEADER | 00000nam a2200000 a 4500 | ||
|---|---|---|---|
| 001 | UCP5056 | ||
| 003 | CL-VaPUC | ||
| 005 | 20241127084743.0 | ||
| 008 | 990827e19990000CL |||||||||||||||||spa|d | ||
| 999 | |c 282882 |d 282880 | ||
| 040 | |c Pontificia Universidad Católica de Valparaíso | ||
| 082 | 0 | 4 | |a 340.1 |b MAN |2 21 |
| 100 | |a Manson Terrazas, Manuel |e autor |9 762433 | ||
| 245 | 1 | 0 | |a Filosofía, derecho y sociedad |
| 260 | |a Santiago |b Jurídicas Olejnik |c 1999 | ||
| 300 | |a 190 p | ||
| 490 | 0 | |a Colección Filosofía y Derecho, 3 | |
| 583 | |a last modification |c 19990827 00:00:00 |k Rodrigo Vera | ||
| 600 | 0 | |a Hume, David |d 1711-1776 |9 319329 | |
| 600 | 0 | |a Montesquieu, Charles Louis de Secondat, Barón de, |d 1689-1755 |9 867047 | |
| 600 | 0 | |a Rousseau, Jean Jacques |e autor |9 255697 | |
| 600 | 0 | 7 | |a VOLTAIRE, FRANCOIS |2 CL-VaPUC |9 345685 |
| 600 | 0 | |a Kant, Immanuel, |d 1724-1804 |9 858687 | |
| 650 | 0 | |a Derecho y sociedad |9 255963 | |
| 650 | 0 | |a Filosofía del derecho |9 255050 | |
| 650 | 0 | |a Libertad individual |9 352859 | |
| 650 | 0 | |a Voluntad |9 307812 | |
| 942 | |c BK |2 ddc | ||
| 945 | |d 19990827 00:00:00 |a vberengu | ||
| 952 | |0 0 |1 0 |4 0 |6 340_100000000000000_MAN_1999 |7 0 |8 DER_TF |9 325467 |a BIBDER |b BIBDER |d 2019-11-20 |i 3549666 |o 340.1 MAN 1999 |p 3549666 |r 2023-01-25 |w 2019-11-20 |x Ubicación 4to Piso |y BK |z Estos recursos deben solicitarse con anticipación |k DER | ||